PRINCIPLES AND PRACTICE OF ACCIDENT INSURANCE (Record no. 13057)
[ view plain ]
| 000 -LEADER | |
|---|---|
| fixed length control field | 00330nam a22001217a 4500 |
| 082 ## - DEWEY DECIMAL CLASSIFICATION NUMBER | |
| Classification number | 368.38 401 DIN |
| 100 ## - MAIN ENTRY--PERSONAL NAME | |
| Personal name | DINSDALE, W.A. |
| 245 ## - TITLE STATEMENT | |
| Title | PRINCIPLES AND PRACTICE OF ACCIDENT INSURANCE |
| 260 ## - PUBLICATION, DISTRIBUTION, ETC. | |
| Place of publication, distribution, etc. | LONDON |
| Name of publisher, distributor, etc. | BUCKLEY |
| Date of publication, distribution, etc. | 1975 |
| 300 ## - PHYSICAL DESCRIPTION | |
| Extent | xi,i268p. |
| Other physical details | 23CM |
| 650 ## - SUBJECT ADDED ENTRY--TOPICAL TERM | |
| Topical term or geographic name entry element | PRICIPLES AND PRACTICE OF ACCIDENT INSURANCE |
| 942 ## - ADDED ENTRY ELEMENTS (KOHA) | |
| Koha item type | Books |
| Withdrawn status | Lost status | Source of classification or shelving scheme | Damaged status | Not for loan | Home library | Current library | Shelving location | Date acquired | Full call number | Barcode | Date last seen | Price effective from | Koha item type |
|---|---|---|---|---|---|---|---|---|---|---|---|---|---|
| Dewey Decimal Classification | IFM Main Campus Library | IFM Main Campus Library | 10/27/2015 | 368.38 401 DIN | 0000010167 | 10/27/2015 | 02/19/2022 | Books |
